[Event "GER-chT North U12"]
[Site "Magdeburg"]
[Date "2014.09.13"]
[Round "6.4"]
[White "David, Philip"]
[Black "Heikamp, Jakob"]
[Result "0-1"]
[WhiteElo "926"]
[BlackElo "1058"]
[PlyCount "100"]
[EventDate "2014.09.11"]
[EventType "team-swiss"]
[EventRounds "7"]
[EventCountry "GER"]
[SourceTitle "EXT 2016"]
[Source "ChessBase"]
[SourceDate "2015.10.08"]
[SourceVersion "1"]
[SourceVersionDate "2015.10.08"]
[SourceQuality "1"]
[WhiteTeam "Hamburg Koenigsspringer"]
[BlackTeam "Luebeck"]
[WhiteTeamCountry "GER"]
[BlackTeamCountry "GER"]

1. e4 e5 2. Nf3 Nc6 3. Bc4 Bc5 4. c3 d6 5. d4 Bb6 6. Be3 Bg4 7. Nbd2 Nf6 8. h3 Bh5 9. 0-0 Qd7 10. Bb5 a6 11. Ba4 0-0 12. d5 Bxe3 13. fxe3 b5 14. dxc6 Qxc6 15. Bc2 Qb6 16. Qe2 Rfe8 17. Rae1 Rad8 18. Qf2 Qc6 19. Qg3 d5 20. exd5 Qxd5 21. Bb3 Qc6 22. Nxe5 Qd6 23. Nef3 Qxg3 24. Rf2 Qg6 25. Nh4 Qg5 26. Nhf3 Bxf3 27. Nxf3 Qc5 28. Rfe2 Re7 29. Kf2 Rde8 30. Nd4 Ne4+ 31. Kf1 Ng3+ 32. Kf2 Nxe2 33. Rxe2 Qb6 34. Nf5 Qf6 35. Bc2 g6 36. g4 gxf5 37. gxf5 Qh4+ 38. Kg1 Rxe3 39. Rg2+ Rg3 40. Kh2 Rxg2+ 41. Kxg2 Re2+ 42. Kf3 Rxc2 43. Ke3 Rg2 44. Kd3 a5 45. b3 Rg3+ 46. Kc2 b4 47. cxb4 axb4 48. Kd2 Qxh3 49. Kc2 Rg2+ 50. Kb1 Qh1# 0-1

[Event "GER-chT North U12"]
[Site "Magdeburg"]
[Date "2014.09.12"]
[Round "4.4"]
[White "Schwank, Albert"]
[Black "Heikamp, Jakob"]
[Result "1/2-1/2"]
[WhiteElo "800"]
[BlackElo "1058"]
[PlyCount "32"]
[EventDate "2014.09.11"]
[EventType "team-swiss"]
[EventRounds "7"]
[EventCountry "GER"]
[SourceTitle "EXT 2016"]
[Source "ChessBase"]
[SourceDate "2015.10.08"]
[SourceVersion "1"]
[SourceVersionDate "2015.10.08"]
[SourceQuality "1"]
[WhiteTeam "Hamburg Diogenes"]
[BlackTeam "Luebeck"]
[WhiteTeamCountry "GER"]
[BlackTeamCountry "GER"]

1. e4 e5 2. d4 d6 3. Bc4 Nf6 4. Nc3 g6 5. dxe5 dxe5 6. Qxd8+ Kxd8 7. Bxf7 Bb4 8. Bd2 Ke7 9. Bc4 Bxc3 10. Bxc3 Nxe4 11. Bxe5 Nc6 12. Bxh8 Bf5 13. Bc3 Rd8 14. Bb3 Nd4 15. Nf3 Nb5 16. Bb4+ Kf6 1/2-1/2

[Event "GER-chT North U12"]
[Site "Magdeburg"]
[Date "2014.09.11"]
[Round "1.4"]
[White "Heikamp, Jakob"]
[Black "Schiewe, Nadine"]
[Result "1-0"]
[WhiteElo "1058"]
[BlackElo "832"]
[PlyCount "93"]
[EventDate "2014.09.11"]
[EventType "team-swiss"]
[EventRounds "7"]
[EventCountry "GER"]
[SourceTitle "EXT 2016"]
[Source "ChessBase"]
[SourceDate "2015.10.08"]
[SourceVersion "1"]
[SourceVersionDate "2015.10.08"]
[SourceQuality "1"]
[WhiteTeam "Luebeck"]
[BlackTeam "Gross Schoenebeck"]
[WhiteTeamCountry "GER"]
[BlackTeamCountry "GER"]

1. e4 e5 2. Nf3 Nc6 3. Bb5 Nf6 4. Nc3 d6 5. d3 Bd7 6. Bg5 Be7 7. 0-0 0-0 8. Re1 a6 9. Ba4 Ng4 10. Qd2 h6 11. Bxe7 Qxe7 12. h3 Nf6 13. Nd5 Nxd5 14. exd5 Nd4 15. Nxd4 Bxa4 16. b3 Bd7 17. Qe3 Qf6 18. Ne2 Rac8 19. Qg3 c6 20. dxc6 Rxc6 21. c3 Rc7 22. d4 exd4 23. cxd4 Bb5 24. Nf4 Qxd4 25. Rad1 Qc5 26. Re3 Re8 27. Nd3 Qc2 28. Rc1 Qxc1+ 29. Nxc1 Rxc1+ 30. Kh2 Rec8 31. Qxd6 Rb1 32. Kg3 Rc6 33. Qd8+ Kh7 34. Kh4 Rd1 35. Qxd1 g5+ 36. Kg3 Rc7 37. Qb1+ Kg7 38. Qf5 Bd7 39. Qe5+ Kg6 40. Qxc7 Bb5 41. Rf3 f5 42. Qd6+ Kh5 43. Qf6 f4+ 44. Kh2 Bc6 45. Qf7+ Kh4 46. g3+ fxg3+ 47. fxg3# 1-0

[Event "GER-chT U10"]
[Site "Magdeburg"]
[Date "2012.12.28"]
[Round "3.3"]
[White "Geletzke, Hannah"]
[Black "Heikamp, Jakob"]
[Result "1-0"]
[WhiteElo "1058"]
[BlackElo "864"]
[PlyCount "69"]
[EventDate "2012.12.27"]
[EventType "team-swiss"]
[EventRounds "7"]
[EventCountry "GER"]
[SourceTitle "EXT 2014"]
[Source "ChessBase"]
[SourceDate "2013.11.20"]
[SourceVersion "1"]
[SourceVersionDate "2013.11.20"]
[SourceQuality "1"]
[WhiteTeam "Erfurt Empor"]
[BlackTeam "Luebeck"]
[WhiteTeamCountry "GER"]
[BlackTeamCountry "GER"]

1. e4 e5 2. Bc4 Nc6 3. Nf3 Bc5 4. c3 Nf6 5. d3 d6 6. Bb3 Bg4 7. h3 Bh5 8. Nbd2 Qe7 9. Nf1 0-0-0 10. Ng3 Bg6 11. Bc2 d5 12. exd5 Nxd5 13. 0-0 f5 14. Re1 Qd6 15. d4 Bb6 16. Bxf5+ Bxf5 17. Nxf5 Qe6 18. Ng3 Nce7 19. Rxe5 Qd6 20. a4 c6 21. c4 Nf6 22. Qe1 Rhe8 23. c5 Qd7 24. cxb6 axb6 25. a5 bxa5 26. Rexa5 Ng6 27. Ra8+ Kc7 28. Qa5+ Kd6 29. Nf5+ Qxf5 30. Rxd8+ Rxd8 31. Qxf5 Rd7 32. Qc5+ Kc7 33. Ne5 Nxe5 34. Qxe5+ Rd6 35. Bf4 1-0